00736nam a2200169Ia 450000500170000000800410001702000180005808200210007610000160009724500910011326000370020430000100024165000770025194200070032899900190033595202120035420250424100726.0231217s9999 xx 000 0 und d a9780230573093 a353.46 BAT;1 R aBatra, Ravi 0aNew golden age : the coming revolution against political corruption and economic chaos c2007bPalgrave McMilanaNew York ax+242 agolden,age,coming,revolution,against,political,corruption,economic,chaos cAA c179874d179874 r2025-11-17 11:14:21l1o353.46 BAT;1 Rp47322W20s2025-10-29v396.00w2024-01-26yAA1040708MBA00K1228L13/01/2009aMLbLRCcMBAd2007-12-10eIntact Book House Pvt Ltdg495.00EMBAGRSF1V99URupees